000 00763nam a22001817a 4500
999 _c371749
_d371749
008 201127b ||||| |||| 00| 0 eng d
040 _aDE-2950
_bger
_cDE-2950
_erda
041 _ager
245 _aStadtverwaltung Frankfurt vor finanziell schwierigen Zeiten.
_bWirtschaftskrise. Steigende Energiepreise, Inflation und Teuerung - den Verantwortlichen im Rathaus schwant mit Blick auf die Finanzen der Stadt nichts Gutes/
_cThomas Gutke
264 _c2022
653 _aFrankfurt (Oder)
653 _aFinanzen
773 _dFrankfurt (Oder) Märkisches Verlags- und Druckhaus GmbH & Co KG
_tMärkische Oderzeitung
_g33. Jahrgang (2022) Nr. 163 vom 15.07.2022, S. 13 : Foto
942 _cA